000 00278nam a2200109Ia 4500
008 210107s9999 xx 000 0 und d
100 _aNorton, Peter
245 0 _aPeter Norton's Introduction To Computers
260 _aNew Delhi
_bTata McGraw-Hill
300 _a555
942 _cBK
999 _c10692
_d10692